Key concepts in educational assessment : (Record no. 137782)
[ view plain ]
| 000 -LEADER | |
|---|---|
| fixed length control field | 00713nam a22002297a 4500 |
| 005 - DATE AND TIME OF LATEST TRANSACTION | |
| control field | 20170222150934.0 |
| 010 ## - LCCN (DPL NO) | |
| LC control number | ENG-117304 |
| 020 ## - INTERNATIONAL STANDARD BOOK NUMBER | |
| International Standard Book Number | 9789386062512 |
| Terms of availability | 450.00 |
| 035 ## - SYSTEM CONTROL NUMBER | |
| System control number | EN-100836 |
| 037 ## - SOURCE OF ACQUISITION | |
| Source of stock number/acquisition | DBAD/PUB |
| 082 00 - DEWEY DECIMAL CLASSIFICATION NUMBER | |
| Classification number | 379.158 |
| 100 ## - MAIN ENTRY--PERSONAL NAME | |
| Personal name | Isaacs, Tina |
| 245 10 - TITLE STATEMENT | |
| Title | Key concepts in educational assessment : |
| Statement of responsibility, etc | by Tina Isaacs...[et...al] |
| 260 ## - PUBLICATION, DISTRIBUTION, ETC. (IMPRINT) | |
| Place of publication, distribution, etc | New Delhi |
| Name of publisher, distributor, etc | SAGE Publications, |
| Date of publication, distribution, etc | 2017 |
| 270 ## - ADDRESS | |
| Address | B1/I-1 Mohan Cooperative Industrial Area, Mathura Road |
| City | New Delhi |
| Postal code | 110044 |
| 300 ## - PHYSICAL DESCRIPTION | |
| Extent | xi,256p. |
| Dimensions | 23 cm.(pbk) |
| 490 ## - SERIES STATEMENT | |
| Series statement | SAGE key concepts |
| 504 ## - BIBLIOGRAPHY, ETC. NOTE | |
| Bibliography, etc | Includes index. |
| 700 ## - ADDED ENTRY--PERSONAL NAME | |
| Personal name | Zara,Cattherine |
| 700 ## - ADDED ENTRY--PERSONAL NAME | |
| Personal name | Herbert Graham |
| 942 ## - ADDED ENTRY ELEMENTS (KOHA) | |
| Source of classification or shelving scheme | Dewey Decimal Classification |
| Item type | English Books |
| Classification part | 379.158 |
| Call number suffix | TIN |
| Withdrawn status | Lost status | Not for loan | Collection code | Home library | Current library | Date acquired | Source of acquisition | Cost, normal purchase price | Full call number | Barcode | Copy number | Cost, replacement price | Koha item type |
|---|---|---|---|---|---|---|---|---|---|---|---|---|---|
| Not For Loan | Non-fiction | D.B.Act.Division | Bawana | 22/02/2017 | DBAD/PUB | 450.00 | 379.158 TIN | EN-100836 | 1 | 450.00 | English Books |
